Jeden z priekopníkov K šesťdesiatinám Petra Solana

Bibliographic Details
Main Author: Blech, Richard, 1930-2017 (Author)
Format: Article
Language:Slovak
PhysicalDescription:Fot. 1.
Subjects:

MARC

LEADER 00000nab a2200000 a 4500
001 vtls000349406
003 SK-MaSNL
005 20260303193404.0
008 160215c1989 xo 0 slo
015 |a SNBRB19rr/mm-uuuuu 
035 |a CL0349528 
040 |a SNKBUCL  |b slo  |c SNKBUCL  |e AACR2 
041 0 |a slo 
044 |a xo  |c SK 
080 |a 791.44.071.1  |2 1981 
080 |a 929 Solan, Peter  |2 1981 
100 1 |a Blech, Richard,  |d 1930-2017  |4 aut  |9 221735 
245 1 0 |a Jeden z priekopníkov  |b K šesťdesiatinám Petra Solana  |c Richard Blech 
300 |b Fot. 1. 
600 1 7 |a Solan, Peter,  |d 1929-2013  |2 snkbucl  |9 121378 
655 7 |a profily  |2 snkbucl  |9 341977 
655 7 |a články z novín a časopisov  |2 snkbucl  |9 267496 
773 0 |t Práca  |g Roč. 44, č. 96 (24. 4. 1989), s. 5 
850 |a Slovenská národná knižnica v Martine  |a MTA001 
852 |a SNK  |b KIS3GCP 
958 |a BX 
958 |a RK 
992 |a RBX 
999 |c 2152103  |d 2154033